Prime contracting for contractors and sub-contractors (Record no. 65084)

MARC details
000 -LEADER
fixed length control field 01161cam a2200229 4500
001 - CONTROL NUMBER
control field ABS62962
008 - FIXED-LENGTH DATA ELEMENTS--GENERAL INFORMATION
fixed length control field 000000n2000 000 0 eng u
035 ## - SYSTEM CONTROL NUMBER
System control number (Sirsi) u108984
100 ## - MAIN ENTRY--PERSONAL NAME
Personal name Knowles, R.
245 ## - TITLE STATEMENT
Title Prime contracting for contractors and sub-contractors
260 ## - PUBLICATION, DISTRIBUTION, ETC.
Date of publication, distribution, etc. 2000
490 ## - SERIES STATEMENT
Series statement Building Services & Environmental Engineer
Volume/sequential designation 24(2) October 2000, 8(1)
520 ## - SUMMARY, ETC.
Summary, etc. In January 1997 government set up the initiative "Building down barriers" in an attempt to improve efficiency in the construction industry. A key aim was to encourage the development of a new approach to construction procurement called 'Prime contracting' based on supply-chain integration. This seeks to encourage long-term multi-project relationships based upon trust and co-operation. Describes the main features of prime contracting, expected benefits, its five key phases, and the practical implications.
590 ## - LOCAL NOTE (RLIN)
Local note ABS
650 ## - SUBJECT ADDED ENTRY--TOPICAL TERM
Topical term or geographic name entry element PRIME CONTRACTING
650 ## - SUBJECT ADDED ENTRY--TOPICAL TERM
Topical term or geographic name entry element PRIME CONTRACT PROCUREMENT
650 ## - SUBJECT ADDED ENTRY--TOPICAL TERM
Topical term or geographic name entry element BUILDING DOWN BARRIERS
650 ## - SUBJECT ADDED ENTRY--TOPICAL TERM
Topical term or geographic name entry element CONSTRUCTION PROCUREMENT
650 ## - SUBJECT ADDED ENTRY--TOPICAL TERM
Topical term or geographic name entry element CONSTRUCTION INDUSTRY
690 ## - LOCAL SUBJECT ADDED ENTRY--TOPICAL TERM (OCLC, RLIN)
Topical term or geographic name as entry element Procurement
9 (RLIN) 6260
942 ## - ADDED ENTRY ELEMENTS (KOHA)
Suppress in OPAC 0
Holdings
Withdrawn status Lost status Source of classification or shelving scheme Damaged status Not for loan Home library Current library Shelving location Date acquired Total Checkouts Full call number Barcode Date last seen Copy number Price effective from Koha item type
    Dewey Decimal Classification     London London Journal article 26/10/2000   ABS62962 108984-1001 06/08/2019 1 06/08/2019 Journal article